[Event "Madrid ch superveteranos 2020"]
[Site "Madrid ESP"]
[Date "2020.08.25"]
[Round "2.8"]
[White "Salgado Duarte, Pablo"]
[Black "De Los Rios Camacho, Juan Antonio"]
[Result "1-0"]
[WhiteElo "1446"]
[BlackElo "1545"]
[PlyCount "193"]
[EventDate "2020.03.09"]
[EventType "swiss"]
[EventRounds "9"]
[EventCountry "ESP"]
[SourceTitle "Ajedrez en Madrid"]
[Source "lmi"]
[SourceDate "2020.03.09"]
[SourceVersion "1"]
[SourceVersionDate "2020.09.01"]
[SourceQuality "1"]

1. d4 d5 2. c4 e6 3. Nc3 Nf6 4. Nf3 c6 5. cxd5 cxd5 6. a3 Nc6 7. Bf4 Be7 8. h3
Ne4 9. e3 O-O 10. Bd3 f5 11. O-O Bd6 12. Bxd6 Qxd6 13. Rc1 Bd7 14. Nb5 Qb8 15.
Nc3 a6 16. Na4 b6 17. Qb3 Ra7 18. Qxb6 Ne7 19. Qxb8 Rxb8 20. Nc5 Nxc5 21. dxc5
Rxb2 22. Ne5 Bc6 23. Rb1 Rxb1 24. Rxb1 g6 25. Rb6 Bb5 26. Rxe6 Bxd3 27. Nxd3 a5
28. Rb6 Rc7 29. Rb5 Nc6 30. Nf4 d4 31. Ne6 Rd7 32. exd4 Kf7 33. Ng5+ Kf6 34.
Nf3 Nxd4 35. Nxd4 Rxd4 36. Rxa5 Rc4 37. Kf1 Ke6 38. Ke2 Rc2+ 39. Ke3 Rc3+ 40.
Kd2 Rc4 41. Kd3 Re4 42. f3 Re5 43. a4 Rd5+ 44. Ke3 g5 45. Ra6+ Ke5 46. c6 f4+
47. Ke2 Rc5 48. Rb6 Kd6 49. Kd3 Ra5 50. Rb5 Rxa4 51. Rxg5 Kxc6 52. Rg4 Kd5 53.
Rg5+ Ke6 54. Rh5 Ra3+ 55. Ke4 Ra4+ 56. Kd3 Ra3+ 57. Ke2 Ra2+ 58. Kf1 Ra1+ 59.
Kf2 Ra2+ 60. Kg1 Ra7 61. Kh2 Kf6 62. h4 Rg7 63. Ra5 Rg3 64. Ra6+ Kg7 65. Ra4
Kh6 66. Rxf4 Rg6 67. g4 Ra6 68. Kg3 Kg6 69. h5+ Kg7 70. g5 Ra1 71. Kg4 Rg1+ 72.
Kf5 h6 73. Rg4 Rh1 74. gxh6+ Kxh6 75. Rg5 Ra1 76. f4 Ra5+ 77. Kg4 Ra1 78. Rg6+
Kh7 79. Kg5 Rg1+ 80. Kf6 Ra1 81. f5 Rh1 82. h6 Rh5 83. Ke6 Rh1 84. Rf6 Re1+ 85.
Kf7 Ra1 86. Re6 Ra7+ 87. Re7 Ra6 88. Re6 Ra7+ 89. Re7 Ra6 90. f6 Kxh6 91. Re6
Ra1 92. Kf8 Kh7 93. f7 Rf1 94. Re3 Kg6 95. Rg3+ Kf6 96. Kg8 Ke7 97. Re3+ 1-0

[Event "Madrid ch superveteranos 2020"]
[Site "Madrid ESP"]
[Date "2020.08.25"]
[Round "2.9"]
[White "Ghavami, Mahmoud"]
[Black "Beekhof Harmsen, Willen"]
[Result "1-0"]
[WhiteElo "1519"]
[BlackElo "1437"]
[PlyCount "91"]
[EventDate "2020.03.09"]
[EventType "swiss"]
[EventRounds "9"]
[EventCountry "ESP"]
[SourceTitle "Ajedrez en Madrid"]
[Source "lmi"]
[SourceDate "2020.03.09"]
[SourceVersion "1"]
[SourceVersionDate "2020.09.01"]
[SourceQuality "1"]

1. e4 e5 2. Nc3 Nf6 3. g3 Nc6 4. Bg2 b6 5. Nge2 Bb7 6. O-O a5 7. Re1 g6 8. d4
exd4 9. Nxd4 Bg7 10. Bg5 h6 11. e5 Nxe5 12. Rxe5+ Kf8 13. Bxb7 hxg5 14. Bxa8
Qxa8 15. Qf3 Qxf3 16. Nxf3 d6 17. Re2 Ng4 18. Rae1 Ne5 19. Nxe5 Bxe5 20. Nd5
Bxb2 21. Nxc7 Bc3 22. Re8+ Kg7 23. Rxh8 Bxe1 24. Rb8 Bb4 25. Rxb6 Bc5 26. Rb7
Kf6 27. Nd5+ Ke6 28. c4 a4 29. Re7+ Kf5 30. Rxf7+ Ke4 31. Rg7 Kd4 32. Ne3 Kc3
33. Rxg6 Kb2 34. Rxg5 Kxa2 35. Rg8 Kb3 36. h4 a3 37. Rb8+ Kc3 38. Ra8 Kb2 39.
h5 a2 40. Rb8+ Bb4 41. Nd1+ Kc2 42. Ra8 Kb1 43. g4 a1=Q 44. Rxa1+ Kxa1 45. h6
Bd2 46. h7 1-0

[Event "Madrid ch superveteranos 2020"]
[Site "Madrid ESP"]
[Date "2020.08.26"]
[Round "3.1"]
[White "Gonzalez Rivera, Eduardo"]
[Black "Ortiz Landeira, Jose Antonio"]
[Result "1/2-1/2"]
[WhiteElo "2015"]
[BlackElo "1751"]
[PlyCount "36"]
[EventDate "2020.03.09"]
[EventType "swiss"]
[EventRounds "9"]
[EventCountry "ESP"]
[SourceTitle "Ajedrez en Madrid"]
[Source "lmi"]
[SourceDate "2020.03.09"]
[SourceVersion "1"]
[SourceVersionDate "2020.09.01"]
[SourceQuality "1"]

1. e4 c5 2. Nf3 Nc6 3. d4 cxd4 4. Nxd4 g6 5. Nc3 a6 6. Be3 Bg7 7. Be2 d6 8. Nb3
Nf6 9. f4 e5 10. h4 h5 11. Nd5 Nxd5 12. exd5 Ne7 13. c3 Nf5 14. Bf2 exf4 15.
Nd4 Nxd4 16. Bxd4 O-O 17. Bxg7 Kxg7 18. Qd4+ Qf6 1/2-1/2

[Event "Madrid ch superveteranos 2020"]
[Site "Madrid ESP"]
[Date "2020.08.26"]
[Round "3.2"]
[White "Pashov, Spas Nikolov"]
[Black "Martin Garcia, Luis I"]
[Result "1-0"]
[WhiteElo "1808"]
[BlackElo "1834"]
[PlyCount "102"]
[EventDate "2020.03.09"]
[EventType "swiss"]
[EventRounds "9"]
[EventCountry "ESP"]
[SourceTitle "Ajedrez en Madrid"]
[Source "lmi"]
[SourceDate "2020.03.09"]
[SourceVersion "1"]
[SourceVersionDate "2020.09.01"]
[SourceQuality "1"]

1. e4 e6 2. d4 d5 3. Nd2 c5 4. dxc5 Bxc5 5. exd5 exd5 6. Nb3 Bb6 7. Nf3 Bg4 8.
Be2 Nc6 9. O-O Nge7 10. c3 O-O 11. Nbd4 Re8 12. Be3 a6 13. h3 Nxd4 14. Bxd4 Bh5
15. Re1 Bg6 16. Qb3 Bxd4 17. Nxd4 Nc6 18. Rad1 Re7 19. Kf1 Na5 20. Qb4 Qc7 21.
g3 Rae8 22. Nf3 Be4 23. Qd4 Nc6 24. Qd2 h6 25. Nd4 Ne5 26. Qf4 Qb6 27. Qd2 Qg6
28. Kg1 Qf6 29. f4 Nc6 30. Nf3 Qg6 31. Kh2 Qd6 32. c4 Bxf3 33. Bxf3 Rxe1 34.
Rxe1 Rxe1 35. Qxe1 dxc4 36. Qe8+ Qf8 37. Bxc6 bxc6 38. Qxc6 Qb4 39. Qe8+ Kh7
40. Qe4+ Kg8 41. Qe8+ Kh7 42. Qe4+ g6 43. Qc2 Qb5 44. h4 a5 45. Qe2 a4 46. a3
Qd5 47. Kg1 g5 48. hxg5 Qd4+ 49. Kh2 Qd3 50. Qh5 Qc2+ 51. Kh3 Qxb2 1-0

[Event "Madrid ch superveteranos 2020"]
[Site "Madrid ESP"]
[Date "2020.08.26"]
[Round "3.3"]
[White "Barahona Torrijos, Angel"]
[Black "Fernandez Garcia, Ignacio"]
[Result "1-0"]
[WhiteElo "1807"]
[BlackElo "1803"]
[PlyCount "51"]
[EventDate "2020.03.09"]
[EventType "swiss"]
[EventRounds "9"]
[EventCountry "ESP"]
[SourceTitle "Ajedrez en Madrid"]
[Source "lmi"]
[SourceDate "2020.03.09"]
[SourceVersion "1"]
[SourceVersionDate "2020.09.01"]
[SourceQuality "1"]

1. e4 e6 2. d4 d5 3. Nc3 Be7 4. Qg4 dxe4 5. Qxg7 Bf6 6. Qg3 Qxd4 7. Nb5 Qc5 8.
Qxc7 Qxc7 9. Nxc7+ Kd8 10. Nxa8 b6 11. Bf4 Bxb2 12. Rd1+ Nd7 13. Bc7+ Ke8 14.
Bb5 Ngf6 15. Ne2 Bb7 16. Nxb6 axb6 17. Bxb6 Rg8 18. Be3 Ke7 19. Rb1 Ba3 20.
Bxd7 Bd5 21. Ba4 Ng4 22. Nf4 Nxe3 23. fxe3 Bxa2 24. Rb7+ Kf6 25. O-O Ke5 26.
Bb3 1-0

[Event "Madrid ch superveteranos 2020"]
[Site "Madrid ESP"]
[Date "2020.08.26"]
[Round "3.4"]
[White "Casares Ripoll, Fernando"]
[Black "Ramos Isasi, Jose Luis"]
[Result "1-0"]
[WhiteElo "2103"]
[BlackElo "1766"]
[PlyCount "51"]
[EventDate "2020.03.09"]
[EventType "swiss"]
[EventRounds "9"]
[EventCountry "ESP"]
[SourceTitle "Ajedrez en Madrid"]
[Source "lmi"]
[SourceDate "2020.03.09"]
[SourceVersion "1"]
[SourceVersionDate "2020.09.01"]
[SourceQuality "1"]

1. e4 c5 2. d4 cxd4 3. Nf3 d6 4. Nxd4 Nf6 5. Nc3 a6 6. Bg5 e6 7. f4 Be7 8. Qf3
Qb6 9. O-O-O Nc6 10. Nxc6 bxc6 11. e5 dxe5 12. fxe5 Rb8 13. Na4 Qa5 14. exf6
Qxg5+ 15. Kb1 Qxf6 16. Qxc6+ Kf8 17. Qc7 Ra8 18. Nb6 g6 19. Nxa8 Kg7 20. Nb6
Bd8 21. Qxc8 Bxb6 22. Qc3 e5 23. Bc4 Bd4 24. Qf3 Qe7 25. c3 Bc5 26. Qxf7+ 1-0

[Event "Madrid ch superveteranos 2020"]
[Site "Madrid ESP"]
[Date "2020.08.26"]
[Round "3.5"]
[White "Garcia Marin, Blas"]
[Black "Martin Vazquez, Jose Luis"]
[Result "0-1"]
[WhiteElo "1441"]
[BlackElo "1741"]
[PlyCount "92"]
[EventDate "2020.03.09"]
[EventType "swiss"]
[EventRounds "9"]
[EventCountry "ESP"]
[SourceTitle "Ajedrez en Madrid"]
[Source "lmi"]
[SourceDate "2020.03.09"]
[SourceVersion "1"]
[SourceVersionDate "2020.09.01"]
[SourceQuality "1"]

1. e4 c5 2. Nf3 Nc6 3. Bc4 Nf6 4. d3 Na5 5. Nbd2 Nxc4 6. Nxc4 b5 7. e5 Nd5 8.
Ne3 Bb7 9. c4 Nxe3 10. Bxe3 bxc4 11. dxc4 Qc7 12. O-O g6 13. Bf4 e6 14. h3 Qc6
15. Qd2 h6 16. Rfd1 g5 17. Bh2 g4 18. hxg4 Rg8 19. Qf4 h5 20. gxh5 Qxf3 21.
Qxf3 Bxf3 22. g3 Bxd1 23. Rxd1 Rg5 24. f3 Rxh5 25. g4 Rh7 26. Kf2 Rxh2+ 27. Kg3
Rxb2 28. Ra1 O-O-O 29. a4 d6 30. Kf4 dxe5+ 31. Kxe5 Bg7+ 32. Kf4 f6 33. Re1
Rd4+ 34. Re4 Bh6+ 35. Kg3 Rxe4 36. fxe4 Bg5 37. Kf3 Rb3+ 38. Kg2 Re3 39. Kf2
Rxe4 40. Kf3 Rxc4 41. Ke2 Rc3 42. Kf2 Re3 43. a5 c4 44. a6 c3 45. Kg2 c2 46.
Kf2 c1=Q 0-1

[Event "Madrid ch superveteranos 2020"]
[Site "Madrid ESP"]
[Date "2020.08.26"]
[Round "3.6"]
[White "Infante Martin, Alonso"]
[Black "Ghavami, Mahmoud"]
[Result "0-1"]
[WhiteElo "1373"]
[BlackElo "1519"]
[PlyCount "78"]
[EventDate "2020.03.09"]
[EventType "swiss"]
[EventRounds "9"]
[EventCountry "ESP"]
[SourceTitle "Ajedrez en Madrid"]
[Source "lmi"]
[SourceDate "2020.03.09"]
[SourceVersion "1"]
[SourceVersionDate "2020.09.01"]
[SourceQuality "1"]

1. d4 Nf6 2. c4 g6 3. f3 c6 4. Nc3 d5 5. cxd5 Nxd5 6. e4 Nxc3 7. bxc3 Bg7 8.
Be3 c5 9. Ne2 Qa5 10. Qd2 O-O 11. Ng3 Rd8 12. Ne2 Nc6 13. Kf2 cxd4 14. cxd4
Qxd2 15. Bxd2 Nxd4 16. Bc3 e5 17. Rd1 b6 18. Nc1 Bb7 19. Bd3 a5 20. a4 Rac8 21.
Bb2 Bc6 22. Ba6 Ra8 23. Bb5 Nxb5 24. axb5 Bxb5 25. Na2 f6 26. Nc3 Bc4 27. Na4
Bb3 28. Nc3 Bxd1 29. Rxd1 Rxd1 30. Nxd1 Rd8 31. Ke2 Bh6 32. Bc3 Kf7 33. g3 Ke6
34. Nb2 Kd6 35. Nd3 Kc6 36. f4 Bg7 37. fxe5 fxe5 38. h4 Kb5 39. g4 Kc4 0-1

[Event "Madrid ch superveteranos 2020"]
[Site "Madrid ESP"]
[Date "2020.08.26"]
[Round "3.7"]
[White "Perales Hernandez, Manuel"]
[Black "Salgado Duarte, Pablo"]
[Result "0-1"]
[WhiteElo "1348"]
[BlackElo "1446"]
[PlyCount "64"]
[EventDate "2020.03.09"]
[EventType "swiss"]
[EventRounds "9"]
[EventCountry "ESP"]
[SourceTitle "Ajedrez en Madrid"]
[Source "lmi"]
[SourceDate "2020.03.09"]
[SourceVersion "1"]
[SourceVersionDate "2020.09.01"]
[SourceQuality "1"]

1. e4 e5 2. Nf3 d6 3. d4 exd4 4. Bc4 Be7 5. Qxd4 Nf6 6. O-O Nc6 7. Qe3 h6 8. h3
Bd7 9. Bd2 a6 10. Bc3 Be6 11. Nbd2 O-O 12. Rad1 Nd7 13. Bxe6 fxe6 14. Nb3 Bf6
15. Rd2 Nde5 16. Nxe5 Nxe5 17. Nc5 Qc8 18. Bxe5 Bxe5 19. Nd3 Bf6 20. Qe2 Qe8
21. b3 Qc6 22. Nf4 Rae8 23. Ng6 Rf7 24. Nf4 Bg5 25. g3 e5 26. h4 Bxf4 27. gxf4
Rxf4 28. f3 Rxh4 29. Rf2 Re6 30. Rg2 Qc5+ 31. Rf2 Rg6+ 32. Kf1 Rh1# 0-1

[Event "Madrid ch superveteranos 2020"]
[Site "Madrid ESP"]
[Date "2020.08.26"]
[Round "3.8"]
[White "Martinez De La Puente, Ignacio"]
[Black "De Los Rios Camacho, Juan Antonio"]
[Result "1-0"]
[WhiteElo "1678"]
[BlackElo "1545"]
[PlyCount "95"]
[EventDate "2020.03.09"]
[EventType "swiss"]
[EventRounds "9"]
[EventCountry "ESP"]
[SourceTitle "Ajedrez en Madrid"]
[Source "lmi"]
[SourceDate "2020.03.09"]
[SourceVersion "1"]
[SourceVersionDate "2020.09.01"]
[SourceQuality "1"]

1. e4 d6 2. d4 e5 3. d5 Nf6 4. Bd3 c6 5. c4 Nbd7 6. Nc3 Be7 7. Nge2 h6 8. O-O
Nf8 9. Be3 g5 10. Ng3 Ng6 11. Nf5 Nf4 12. Bc2 h5 13. Ne2 Ng4 14. Neg3 Nxe3 15.
fxe3 h4 16. Ng7+ Kf8 17. N3f5 Bxf5 18. Nxf5 Ng6 19. Qf3 Rh7 20. Rf2 Qd7 21.
Raf1 Ke8 22. Ba4 Kd8 23. Rd1 Kc7 24. Rfd2 g4 25. Qxg4 Rg8 26. Qe2 h3 27. g3 b5
28. dxc6 Qxc6 29. Nxe7 Nxe7 30. Bc2 Rh6 31. cxb5 Qd7 32. Bb3 Rg7 33. Rc1+ Kb6
34. a4 f5 35. exf5 Qxf5 36. Rf1 Qe4 37. Bc2 Qa8 38. b4 Qg8 39. e4 Rhg6 40. a5+
Kb7 41. Rf3 Rg4 42. Bb3 d5 43. Bxd5+ Nxd5 44. Rxd5 Rxg3+ 45. hxg3 Rxg3+ 46.
Rxg3 Qxg3+ 47. Kh1 h2 48. Rd1 1-0

[Event "Madrid ch superveteranos 2020"]
[Site "Madrid ESP"]
[Date "2020.08.26"]
[Round "3.9"]
[White "Beekhof Harmsen, Willen"]
[Black "Ramos Antona, Enrique"]
[Result "0-1"]
[WhiteElo "1437"]
[BlackElo "1453"]
[PlyCount "78"]
[EventDate "2020.03.09"]
[EventType "swiss"]
[EventRounds "9"]
[EventCountry "ESP"]
[SourceTitle "Ajedrez en Madrid"]
[Source "lmi"]
[SourceDate "2020.03.09"]
[SourceVersion "1"]
[SourceVersionDate "2020.09.01"]
[SourceQuality "1"]

1. Nf3 Nf6 2. g3 d5 3. c4 c6 4. Bg2 g6 5. c5 Bg7 6. O-O O-O 7. d3 Re8 8. Re1
Qc7 9. a4 a5 10. b3 Nbd7 11. Ra2 Nxc5 12. Be3 Na6 13. Qc2 Nd7 14. Nd4 Nb4 15.
Nb5 Qb8 16. Qd2 Nxa2 17. Qxa2 cxb5 18. Bxd5 e6 19. Bf3 b4 20. Nd2 Ne5 21. Bg2
Nc6 22. Nc4 Nd4 23. Nb6 Ra6 24. Nxc8 Rxc8 25. Rc1 Rxc1+ 26. Bxc1 Rd6 27. e3 Nc6
28. d4 Ne7 29. Qe2 b6 30. h4 Qe8 31. Qd1 Nd5 32. Bd2 Qd8 33. e4 Nc3 34. Bxc3
bxc3 35. e5 Bxe5 36. f4 Bxd4+ 37. Kh1 Bg1 38. Qxg1 Rd1 39. Bf1 c2 0-1

[Event "Madrid ch superveteranos 2020"]
[Site "Madrid ESP"]
[Date "2020.08.27"]
[Round "4.1"]
[White "Pashov, Spas Nikolov"]
[Black "Barahona Torrijos, Angel"]
[Result "1/2-1/2"]
[WhiteElo "1808"]
[BlackElo "1807"]
[PlyCount "92"]
[EventDate "2020.03.09"]
[EventType "swiss"]
[EventRounds "9"]
[EventCountry "ESP"]
[SourceTitle "Ajedrez en Madrid"]
[Source "lmi"]
[SourceDate "2020.03.09"]
[SourceVersion "1"]
[SourceVersionDate "2020.09.01"]
[SourceQuality "1"]

1. e4 e5 2. Nf3 Nc6 3. c3 d5 4. Qa4 Bd7 5. exd5 Nd4 6. Qd1 Nxf3+ 7. Qxf3 f5 8.
Bc4 Bd6 9. d3 Nf6 10. Bg5 O-O 11. Nd2 Qe8 12. Bxf6 Rxf6 13. O-O-O b5 14. Bb3 b4
15. Nc4 bxc3 16. bxc3 Ba4 17. Kc2 Bxb3+ 18. axb3 Qb5 19. Rhe1 Rb8 20. Rb1 e4
21. Nxd6 cxd6 22. Qd1 Qxd5 23. dxe4 Qxd1+ 24. Rbxd1 fxe4 25. Rd2 d5 26. b4 Ra6
27. Kb3 Rf6 28. Ree2 Rb5 29. c4 dxc4+ 30. Kxc4 Rfb6 31. Rd8+ Kf7 32. Rd7+ Kf6
33. Rxe4 Rxb4+ 34. Kd3 a5 35. Rxb4 axb4 36. Kc2 Re6 37. Rd2 Re4 38. Kd3 Rh4 39.
h3 Ke5 40. Kc2 g5 41. Kb3 g4 42. Re2+ Kf5 43. hxg4+ Rxg4 44. g3 h5 45. Re8 Rd4
46. Rf8+ Kg6 1/2-1/2

[Event "Madrid ch superveteranos 2020"]
[Site "Madrid ESP"]
[Date "2020.08.27"]
[Round "4.2"]
[White "Ortiz Landeira, Jose Antonio"]
[Black "Casares Ripoll, Fernando"]
[Result "1/2-1/2"]
[WhiteElo "1751"]
[BlackElo "2103"]
[PlyCount "35"]
[EventDate "2020.03.09"]
[EventType "swiss"]
[EventRounds "9"]
[EventCountry "ESP"]
[SourceTitle "Ajedrez en Madrid"]
[Source "lmi"]
[SourceDate "2020.03.09"]
[SourceVersion "1"]
[SourceVersionDate "2020.09.01"]
[SourceQuality "1"]

1. c4 Nf6 2. Nc3 d5 3. cxd5 Nxd5 4. g3 e5 5. Bg2 Be6 6. d3 Be7 7. Nf3 Nc6 8. a3
O-O 9. O-O h6 10. Bd2 Qd7 11. Nxd5 Bxd5 12. Bc3 Bf6 13. Nd2 Bxg2 14. Kxg2 Qd5+
15. Kg1 Nd4 16. Bxd4 exd4 17. Qb3 Qxb3 18. Nxb3 1/2-1/2

[Event "Madrid ch superveteranos 2020"]
[Site "Madrid ESP"]
[Date "2020.08.27"]
[Round "4.3"]
[White "Martin Vazquez, Jose Luis"]
[Black "Gonzalez Rivera, Eduardo"]
[Result "0-1"]
[WhiteElo "1741"]
[BlackElo "2015"]
[PlyCount "48"]
[EventDate "2020.03.09"]
[EventType "swiss"]
[EventRounds "9"]
[EventCountry "ESP"]
[SourceTitle "Ajedrez en Madrid"]
[Source "lmi"]
[SourceDate "2020.03.09"]
[SourceVersion "1"]
[SourceVersionDate "2020.09.01"]
[SourceQuality "1"]

1. e4 e5 2. Nf3 Nc6 3. Bb5 a6 4. Bxc6 dxc6 5. O-O Bg4 6. h3 h5 7. d3 Qf6 8. Be3
Bxf3 9. Qxf3 Qxf3 10. gxf3 Bd6 11. Nd2 Ne7 12. Rfb1 Ng6 13. Kf1 f5 14. Nc4 f4
15. Nxd6+ cxd6 16. Bd2 Nf8 17. Ke2 Ne6 18. Rg1 Nd4+ 19. Kd1 Kf7 20. Rg5 Nxf3
21. Rg2 Rhg8 22. c3 g5 23. Ke2 g4 24. Rh1 Ng5 0-1

[Event "Madrid ch superveteranos 2020"]
[Site "Madrid ESP"]
[Date "2020.08.27"]
[Round "4.4"]
[White "Ghavami, Mahmoud"]
[Black "Martin Garcia, Luis I"]
[Result "0-1"]
[WhiteElo "1519"]
[BlackElo "1834"]
[PlyCount "84"]
[EventDate "2020.03.09"]
[EventType "swiss"]
[EventRounds "9"]
[EventCountry "ESP"]
[SourceTitle "Ajedrez en Madrid"]
[Source "lmi"]
[SourceDate "2020.03.09"]
[SourceVersion "1"]
[SourceVersionDate "2020.09.01"]
[SourceQuality "1"]

1. e4 e6 2. d4 d5 3. exd5 exd5 4. Bd3 Nc6 5. c3 Bd6 6. Nf3 Bg4 7. O-O Nge7 8.
Bg5 Qd7 9. Nbd2 f6 10. Bh4 O-O-O 11. b4 g5 12. Bg3 Bxg3 13. fxg3 Rde8 14. h3
Bf5 15. Nb3 g4 16. Nh4 Bxd3 17. Qxd3 gxh3 18. Rxf6 Ref8 19. Raf1 Rxf6 20. Rxf6
hxg2 21. Kxg2 Nd8 22. Nc5 Qe8 23. Nf5 Kb8 24. Ne6 Nxf5 25. Qxf5 Nxe6 26. Rxe6
Qd8 27. b5 h5 28. Re5 c6 29. bxc6 bxc6 30. Re6 h4 31. Qe5+ Kb7 32. Re7+ Kb6 33.
Qg7 Qb8 34. Qe5 hxg3 35. a4 Qxe5 36. dxe5 Rg8 37. a5+ Kxa5 38. Rxa7+ Kb6 39.
Rf7 Kc5 40. Rf3 Rg5 41. Re3 d4 42. e6 dxe3 0-1

[Event "Madrid ch superveteranos 2020"]
[Site "Madrid ESP"]
[Date "2020.08.27"]
[Round "4.5"]
[White "Salgado Duarte, Pablo"]
[Black "Martinez De La Puente, Ignacio"]
[Result "0-1"]
[WhiteElo "1446"]
[BlackElo "1678"]
[PlyCount "134"]
[EventDate "2020.03.09"]
[EventType "swiss"]
[EventRounds "9"]
[EventCountry "ESP"]
[SourceTitle "Ajedrez en Madrid"]
[Source "lmi"]
[SourceDate "2020.03.09"]
[SourceVersion "1"]
[SourceVersionDate "2020.09.01"]
[SourceQuality "1"]

1. d4 d5 2. c4 c6 3. e3 Nf6 4. Nc3 dxc4 5. Bxc4 Nbd7 6. Nf3 Nb6 7. Bb3 Bg4 8.
Bxf7+ Kxf7 9. Ne5+ Kg8 10. Nxg4 h5 11. Ne5 e6 12. Ng6 Rh7 13. Qb3 Qd7 14. e4
Re8 15. Be3 Ng4 16. O-O Bd6 17. e5 Qf7 18. Nf4 Bf8 19. Ne4 Qf5 20. Ng3 Qf7 21.
h3 g5 22. Nd3 Nxe3 23. fxe3 Qe7 24. Rf6 Nd5 25. Rf3 g4 26. Rf2 Nxe3 27. Nf4 Nd5
28. Nfxh5 gxh3 29. gxh3 Qh4 30. Nf6+ Nxf6 31. Rxf6 Qxd4+ 32. Kg2 Qxe5 33. Raf1
Qd5+ 34. Qxd5 exd5 35. Rg6+ Rg7 36. Rgf6 Bc5 37. Kh2 Re3 38. Nf5 Re2+ 39. Kh1
Rgg2 40. Nh6+ Kg7 41. Ng4 Rg3 42. Rf7+ Kh8 43. Nf2 Rxb2 44. a4 Bxf2 45. R1xf2
Rxh3+ 46. Kg2 Rxf2+ 47. Kxf2 Rb3 48. Ke2 Kg8 49. Rc7 Kf8 50. Kd2 Ke8 51. a5 Kd8
52. Rh7 Kc8 53. Rh8+ Kc7 54. Rh7+ Kd6 55. a6 bxa6 56. Rxa7 Ra3 57. Kc2 d4 58.
Kb2 Ra5 59. Kb3 c5 60. Ra8 Kd5 61. Rd8+ Ke4 62. Kc4 Ke3 63. Re8+ Kd2 64. Re4 d3
65. Re6 Kc2 66. Rh6 d2 67. Rh2 Kc1 0-1

[Event "Madrid ch superveteranos 2020"]
[Site "Madrid ESP"]
[Date "2020.08.27"]
[Round "4.6"]
[White "Fernandez Garcia, Ignacio"]
[Black "Ramos Antona, Enrique"]
[Result "1-0"]
[WhiteElo "1803"]
[BlackElo "1453"]
[PlyCount "69"]
[EventDate "2020.03.09"]
[EventType "swiss"]
[EventRounds "9"]
[EventCountry "ESP"]
[SourceTitle "Ajedrez en Madrid"]
[Source "lmi"]
[SourceDate "2020.03.09"]
[SourceVersion "1"]
[SourceVersionDate "2020.09.01"]
[SourceQuality "1"]

1. e4 d6 2. d4 Nf6 3. Nc3 g6 4. Be2 Bg7 5. Be3 c6 6. f3 Nbd7 7. Qd2 b5 8. d5 a6
9. dxc6 Ne5 10. Nd5 Nxd5 11. exd5 Nc4 12. Bxc4 bxc4 13. Bd4 f6 14. Qc3 a5 15.
Qxc4 Qc7 16. Qc3 Bh6 17. Ne2 Ba6 18. Ng3 Bf4 19. Ne4 Be5 20. Bxe5 fxe5 21. f4
O-O-O 22. fxe5 dxe5 23. O-O-O Rhf8 24. Nc5 Be2 25. Rd2 Bg4 26. h3 Bf5 27. g4
Rd6 28. gxf5 Rxf5 29. Qc4 Qa7 30. Nb7 Rdf6 31. d6 Rf4 32. Qg8+ Rf8 33. Qe6+ Kb8
34. Qxe5 Qb6 35. dxe7+ 1-0

[Event "Madrid ch superveteranos 2020"]
[Site "Madrid ESP"]
[Date "2020.08.27"]
[Round "4.7"]
[White "Garcia Marin, Blas"]
[Black "Rufo Yebra, Benito"]
[Result "0-1"]
[WhiteElo "1441"]
[BlackElo "1360"]
[PlyCount "82"]
[EventDate "2020.03.09"]
[EventType "swiss"]
[EventRounds "9"]
[EventCountry "ESP"]
[SourceTitle "Ajedrez en Madrid"]
[Source "lmi"]
[SourceDate "2020.03.09"]
[SourceVersion "1"]
[SourceVersionDate "2020.09.01"]
[SourceQuality "1"]

1. e4 d6 2. d4 h6 3. Nf3 e6 4. Nc3 Bd7 5. Bc4 a6 6. a3 b5 7. Ba2 Bc6 8. d5 exd5
9. Bxd5 Nf6 10. O-O Be7 11. e5 Nxd5 12. Nxd5 dxe5 13. Nxe7 Qxe7 14. Re1 Nd7 15.
Nd4 Qf6 16. Nxc6 Qxc6 17. f4 O-O 18. fxe5 Rae8 19. Bd2 Rxe5 20. Rxe5 Nxe5 21.
h3 Ng6 22. Bb4 Qb6+ 23. Kh2 c5 24. Qg1 Qd6+ 25. Kh1 cxb4 26. Rd1 Qc7 27. Rc1
bxa3 28. bxa3 Qc6 29. Qf2 Rc8 30. Qf5 Nh4 31. Qf2 Qc4 32. Rf1 Ng6 33. h4 Qxh4+
34. Kg1 Qxf2+ 35. Rxf2 Rc3 36. Rd2 Rxa3 37. Rd3 Rxd3 38. cxd3 f5 39. Kf2 Kf7
40. d4 Ke6 41. Ke3 Kd5 0-1

[Event "Madrid ch superveteranos 2020"]
[Site "Madrid ESP"]
[Date "2020.08.27"]
[Round "4.8"]
[White "Perales Hernandez, Manuel"]
[Black "Infante Martin, Alonso"]
[Result "0-1"]
[WhiteElo "1348"]
[BlackElo "1373"]
[PlyCount "100"]
[EventDate "2020.03.09"]
[EventType "swiss"]
[EventRounds "9"]
[EventCountry "ESP"]
[SourceTitle "Ajedrez en Madrid"]
[Source "lmi"]
[SourceDate "2020.03.09"]
[SourceVersion "1"]
[SourceVersionDate "2020.09.01"]
[SourceQuality "1"]

1. e4 e5 2. Nf3 Nc6 3. Bc4 Nf6 4. Nc3 d6 5. Ng5 Be6 6. Bxe6 fxe6 7. Nxe6 Qe7 8.
Nd5 Nxd5 9. exd5 Nd8 10. Qh5+ g6 11. Qf3 Nxe6 12. dxe6 O-O-O 13. d3 h6 14. Qg4
Rg8 15. O-O Kb8 16. Be3 Re8 17. Rfe1 Qf6 18. Qa4 Qxe6 19. Qxa7+ Kc8 20. Qa8+
Kd7 21. Qxb7 Rc8 22. a4 Bg7 23. Qe4 Rh8 24. Qc4 d5 25. Qc5 Rb8 26. b3 g5 27.
Bd4 Rhe8 28. Re2 Qf7 29. Bc3 Bf8 30. Qa5 Bd6 31. d4 e4 32. Bb2 g4 33. Qd2 Bf4
34. Qe1 h5 35. g3 Bd6 36. Ba3 Bxa3 37. Rxa3 h4 38. gxh4 Qf6 39. Qd2 Qxh4 40.
Qf4 Rf8 41. Qe5 c6 42. c4 Rbe8 43. Qg7+ Kd8 44. cxd5 cxd5 45. Qb7 Qh5 46. Raa2
g3 47. fxg3 Rf5 48. Rac2 Rf1+ 49. Kxf1 Rf8+ 50. Kg2 Qf3+ 0-1

[Event "Madrid ch superveteranos 2020"]
[Site "Madrid ESP"]
[Date "2020.08.27"]
[Round "4.9"]
[White "De Los Rios Camacho, Juan Antonio"]
[Black "Ramos Isasi, Jose Luis"]
[Result "0-1"]
[WhiteElo "1545"]
[BlackElo "1766"]
[PlyCount "90"]
[EventDate "2020.03.09"]
[EventType "swiss"]
[EventRounds "9"]
[EventCountry "ESP"]
[SourceTitle "Ajedrez en Madrid"]
[Source "lmi"]
[SourceDate "2020.03.09"]
[SourceVersion "1"]
[SourceVersionDate "2020.09.01"]
[SourceQuality "1"]

1. e4 c5 2. Nf3 d6 3. d4 cxd4 4. Nxd4 Nf6 5. Nc3 a6 6. Be2 e6 7. Be3 Be7 8. O-O
Nbd7 9. f4 Qc7 10. Qe1 b5 11. Bf3 Bb7 12. a3 h5 13. h3 d5 14. exd5 Nxd5 15.
Nxd5 exd5 16. Nf5 Nf6 17. Bb6 Qxb6+ 18. Rf2 Ne4 19. Nxe7 Kxe7 20. Kf1 f5 21.
Re2 Kf6 22. Qh4+ Kf7 23. Rae1 Qf6 24. Qxf6+ Kxf6 25. Kg1 h4 26. Re3 Rad8 27.
Rd1 Rhe8 28. Rd4 Ng3 29. Rxe8 Rxe8 30. Kf2 Ne4+ 31. Kf1 Rc8 32. c3 a5 33. Ke1
Rc4 34. Rd3 b4 35. axb4 axb4 36. cxb4 Rxb4 37. b3 Ke6 38. Re3 d4 39. Rd3 Ba6
40. Rd1 d3 41. Ra1 Bb5 42. Ra3 Kd5 43. Kd1 Kd4 44. Bh5 Kc3 45. Bf7 d2 0-1